Quizzes
Events
Quiz Creation
Community
Videos
Private Events
Remove Ads
Sign In
Join for FREE
Feedback
Dark Mode
Quiz Categories
Sports
Geography
Music
Movies
Television
Just For Fun
Miscellaneous
History
Literature
Language
Science
Gaming
Entertainment
Religion
Holiday
For Kids
Quiz Lab
Recent
Popular Today
Quiz Kudos Today
Editor Picks
Curator Picks
Quizzes by...
Day
Popularity
Type
Ratings
Length
Year
Community
Subscriptions
Recent Discussions
Orange Saloon
Badges
Playlists
Quests
Create
Leaderboards
Showdown
Live 5
Trivia Bingo
Activity
Puzzle Library
Sporcle Events
Private Events
Virtual Trivia
Globe League
Become a Host
Pub Owners
SporcleCon
Opinionation
Our Games
Videos
Blog
Mobile Apps
Partnerships
Remove Ads and Go Orange
Feedback
Science
Computer
Plants
Astronomy
Chemistry
Elements
Math
Animal
Physics
Anatomy
Biology
Geology
General Science
Science
Computer
Plants
Astronomy
Chemistry
Elements
Math
Animal
Physics
Anatomy
Biology
Geology
General Science
Random Quiz
Search Sporcle
×
Quiz Lab
Quiz Lab
Science
Chemistry
Type in answers that appear in a list
Type in answers that appear in a list
Classic
Best Score? Go Orange.
AP Chem VSEPR Stats
Can you name the Molecular Shape and Angle?
By
gabrielrocha
10m
18 Questions
471 Plays
471 Plays
471 Plays
Comments
Comments
Give Quiz Kudos
Give Quiz Kudos
-
- Ratings
hide this ad
More Info
Forced Order
Answers have to be entered in order
Answers have to be entered in order
Random Order
Randomize order of answers
Randomize order of answers
Replay
Link that replays current quiz
Next Quiz
Link to next quiz in quiz playlist
You Got
0%
They Got
Avg Score
38%
Avg Friend Score
Upgrade to see
Score Distribution
Jump to the score distribution portion of the page
Score
0/18
Timer
10:00
0
Plays Today
Effective pairs/lone pairs
Shape
% Correct
2 Effective Pairs/
0 lone pairs
linear
72.2%
4 Effective Pairs/
0 lone pairs
tetrahedral
66.2%
6 Effective Pairs/
0 lone pairs
octahedral
63.1%
2 Effective Pairs/
1 lone pair
linear
45.2%
3 Effective Pairs/
1 lone pair
bent
45.2%
4 Effective Pairs/
2 lone pairs
bent
41.4%
6 Effective Pairs/
2 lone pairs
square planar
38.9%
5 Effective Pairs/
1 lone pair
seesaw
37.8%
5 Effective Pairs/
3 lone pairs
linear
37.8%
Effective pairs/lone pairs
Shape
% Correct
6 Effective Pairs/
4 lone pairs
linear
36.3%
3 Effective Pairs/
2 lone pairs
linear
35.5%
4 Effective Pairs/
3 lone pairs
linear
34.8%
4 Effective Pairs/
1 lone pair
trigonal pyramid
34.4%
6 Effective Pairs/
1 lone pair
square pyramid
33.3%
5 Effective Pairs/
2 lone pairs
t shaped
32.3%
6 Effective Pairs/
3 lone pairs
t shaped
21.9%
3 Effective Pairs/
0 lone pairs
trig planar
11.3%
5 Effective Pairs/
0 lone pairs
trigonal bypiramid
4%
Quiz Playlist
Details
Report
Send in Message
Add To Playlist
More Info:
Write the shape of the molecule and angle will be shown
Classic:
Type in answers that appear in a list
Forced Order:
Answers have to be entered in order
Random Order:
Randomize order of answers
Last Updated: Feb 16, 2017
Quiz Scoreboard
CHALLENGE
Sign Up to Join the Scoreboard
Show All
Scores
Hide
Comments
May contain spoilers
Recently Published
Presidents Visiting Landmarks
by Hejman
History
7m
An Introduction to Baseball
by treessimontrees
Sports
5m
Movies - When Are They Set?
by FPL_Elf
Movies
5m
More to Explore
Quiz From the Vault
Featured Blog Post
Where Did the Easter Bunny Come From?
hide this ad
You Might Also Like...
Tags
Chemistry Quiz
angle
Effective
lone
molecular
shape
Today's Top Quizzes in Science
Browse Science
hide this ad
Today's Top Quizzes in Chemistry
Browse Chemistry
Top Contributed Quizzes in Science
1
Quick Pick: Radians
2
Name the Acid, Base or Salt
3
Quick Pick: 'CI-CJ' Animals
4
Elements In Images
5
One Thing in Common: Science
6
One Thing in Common: Animals
7
One Thing in Common: Science III
8
1 to 50
9
One Thing in Common: Science II
10
Order Up: Organs and Body Systems
Explore More
Trending Topics
Anime
Harry Potter
Crossword
Disney
Marvel
NBA
Kpop
The Office
Soccer
Puzzle
Country
WWE
NFL
Song
Pokémon
hide this ad
More By:
gabrielrocha
Quiz
Plays
Rating
Category
Featured
Created
AP Chem VSEPR
471
2.50
Science
Jan 30, 2011
Go to Creator's Profile
Score Distribution
Quiz Creator Spotlight
gabrielrocha
Follow
Send a Message
Quizzes Created
-
Created Quiz Play Count
-
More By This Creator
Popular Quizzes Today
1
Find the US States - No Outlines Minefield
2
Find the Countries of Europe - No Outlines Minefield
3
The Countries of the World
4
Find the US States
5
Popular People in 1961
6
US States
7
Risky Map Clicking: Biggest States A-Z
8
Movies - When Are They Set?
More Science Quizzes
Can You Read a Velocity vs. Time Graph?
Curator's Pick
Trending Quizzes
Risky Map Clicking: Least Populous States A-Z
1-10 Letter G Words
1-10 Letter F Words
Risky Map Clicking: Next State Alphabetically
Risky Map Clicking: Biggest States A-Z
Recently Updated
Leaping Animals
pecheneg
Reality TV Shows (A-Z)
bhenderson79
Rickey Henderson's Hall of Fame Teammates
pecheneg
Champions League XIs: Arsenal
pecheneg
Quick Pick: Celebrities in WWE's Hall of Fame
aduchscher
A-Z Keypad Blitz II
pecheneg
Multiple Oscar Actors
pecheneg
Mystery Phrase Blitz: Oscar 'Best Actors'
pecheneg
F. Scott Fitzgerald Novels
LTH
Pick 3 Villains
ddd62291
Trending Topics
Anime
Kpop
NBA
Disney
Harry Potter
Marvel
Crossword
WWE
Puzzle
Song
Soccer
NFL
The Office
Country
Pokémon
Your Account Isn't Verified!
In order to create a playlist on Sporcle, you need to verify the email address you used during registration. Go to your
Sporcle Settings
to finish the process.
Report this User
Report this user for behavior that violates our
Community Guidelines
.
Details:
Send Report
Go to the Sporcle.com Mobile Site →
Comments